000 00405 a2200157 4500
999 _c3264
_d3264
020 _a9781473916371
050 _aH62 PUN 2016
100 _aPunch, F Keith
_eauthor
245 _aDeveloping effective research proposals /
_cKeith F Punch
250 _a3rd ed
264 _aLos Angeles:
_bSage.
_c2016
300 _a186p.:
500 _aincludes index.
650 _aResearch
942 _2lcc
_cBK
_h62
_iPUN
_kH